[Event "Benasque op 44th"]
[Site "Benasque"]
[Date "2025.07.13"]
[Round "10"]
[White "Bartel, Mateusz"]
[Black "Mikhalevski, Victor"]
[Result "1/2-1/2"]
[WhiteElo "2581"]
[BlackElo "2492"]
[PlyCount "55"]
[EventDate "2025.07.04"]
[EventType "swiss"]
[EventRounds "10"]
[EventCountry "ESP"]
[SourceTitle "CB29_2025"]
[SourceDate "2025.07.16"]
[SourceVersion "1"]
[SourceVersionDate "2025.07.16"]
[SourceQuality "1"]

1. e4 e5 2. Nf3 Nc6 3. Bb5 a6 4. Ba4 b5 5. Bb3 Na5 6. 0-0 d6 7. d4 Nxb3 8. axb3 exd4 9. Qxd4 Bb7 10. Nc3 Ne7 11. Re1 Nc6 12. Qe3 Be7 13. Nd5 0-0 14. Bd2 Re8 15. c4 bxc4 16. bxc4 Bf8 17. Bc3 Ne7 18. Qf4 Qd7 19. Nd4 c5 20. Nxe7+ Qxe7 21. Nf5 Qe6 22. Re3 f6 23. Rg3 Bxe4 24. Nh6+ Kh8 25. Re1 Qxc4 26. Rxe4 Rxe4 27. Qxe4 Qxe4 28. Nf7+ 1/2-1/2

[Event "Benasque op 44th"]
[Site "Benasque"]
[Date "2025.07.12"]
[Round "9"]
[White "Bartel, Mateusz"]
[Black "Rozen, Eytan"]
[Result "1-0"]
[WhiteElo "2581"]
[BlackElo "2523"]
[PlyCount "237"]
[EventDate "2025.07.04"]
[EventType "swiss"]
[EventRounds "10"]
[EventCountry "ESP"]
[SourceTitle "CB29_2025"]
[SourceDate "2025.07.16"]
[SourceVersion "1"]
[SourceVersionDate "2025.07.16"]
[SourceQuality "1"]

1. e4 c5 2. Nf3 d6 3. d4 cxd4 4. Nxd4 Nf6 5. Nc3 a6 6. Bc4 e6 7. Be3 b5 8. Bb3 Be7 9. a3 Qc7 10. Qe2 Nc6 11. 0-0-0 0-0 12. g4 Nxd4 13. Rxd4 e5 14. Nd5 Bxg4 15. Qxg4 Nxg4 16. Nxc7 exd4 17. Bxd4 Bg5+ 18. Kb1 Bf6 19. Bxf6 Nxf6 20. Nxa8 Rxa8 21. f3 Kf8 22. c4 b4 23. axb4 Rb8 24. Kc2 Rxb4 25. Kc3 Rb6 26. h4 Nd7 27. Bc2 Ne5 28. f4 Ng6 29. f5 Ne5 30. b4 h5 31. Ra1 Ke7 32. Bd1 g6 33. Be2 Kf6 34. c5 dxc5 35. bxc5 Rc6 36. Kd4 Nd7 37. fxg6 Nxc5 38. Kd5 Rc8 39. gxf7 Kxf7 40. Bxh5+ Ke7 41. Rf1 Rh8 42. Rf7+ Kd8 43. Bg6 Nxe4 44. Rf4 Ng3 45. Kd6 Kc8 46. Rg4 Kb7 47. Ke5 a5 48. Kf4 Nh5+ 49. Kg5 Ng7 50. Re4 Kc6 51. Re7 Rg8 52. Kf6 Rh8 53. Re4 Nh5+ 54. Kg5 Ng7 55. Bf7 Kd6 56. Kg6 Nh5 57. Re6+ Kd7 58. Re4 Ng3 59. Rg4 Kd6 60. Kf6 Nh5+ 61. Kg5 Ng7 62. Re4 Kd7 63. Bb3 Kd6 64. Kg6 Nh5 65. Bd1 Ng3 66. Ra4 Ke7 67. Kg5 Kf7 68. Bf3 Kg7 69. Rxa5 Rf8 70. Bd5 Nf5 71. Ra7+ Kh8 72. h5 Rd8 73. Be4 Ng3 74. Bg6 Nxh5 75. Kxh5 Rd2 76. Kh6 Rh2+ 77. Bh5 Rg2 78. Ra1 Rg1 79. Ra6 Rg2 80. Ra4 Rg7 81. Bf7 Rh7+ 82. Kg6 Rh6+ 83. Kg5 Rh1 84. Be6 Rg1+ 85. Kf6 Rg6+ 86. Kf5 Kg7 87. Ra8 Rf6+ 88. Ke5 Rg6 89. Bf5 Rg1 90. Ra7+ Kh8 91. Kf6 Rg7 92. Ra8+ Rg8 93. Ra1 Rf8+ 94. Kg6 Rg8+ 95. Kh6 Rg1 96. Ra8+ Rg8 97. Ra4 Rg1 98. Bg4 Kg8 99. Kg6 Kf8 100. Kf6 Re1 101. Be6 Rf1+ 102. Bf5 Re1 103. Rh4 Rg1 104. Rb4 Re1 105. Rb7 Re2 106. Rf7+ Ke8 107. Rh7 Kd8 108. Rd7+ Ke8 109. Rd1 Kf8 110. Rh1 Rg2 111. Rh7 Kg8 112. Rh5 Kf8 113. Rh8+ Rg8 114. Rh7 Rg2 115. Rf7+ Kg8 116. Re7 Kh8 117. Re1 Rg1 118. Re4 Rg7 119. Rh4+ 1-0

[Event "Benasque op 44th"]
[Site "Benasque"]
[Date "2025.07.05"]
[Round "2"]
[White "Larranaga Juaristi, Alexander"]
[Black "Bartel, Mateusz"]
[Result "0-1"]
[WhiteElo "2091"]
[BlackElo "2581"]
[PlyCount "96"]
[EventDate "2025.07.04"]
[EventType "swiss"]
[EventRounds "10"]
[EventCountry "ESP"]
[SourceTitle "CB29_2025"]
[SourceDate "2025.07.16"]
[SourceVersion "1"]
[SourceVersionDate "2025.07.16"]
[SourceQuality "1"]

1. e4 c5 2. Nf3 Nc6 3. Bb5 Nf6 4. Bxc6 dxc6 5. d3 Qc7 6. Be3 e5 7. h3 h6 8. Nbd2 Be6 9. a4 a5 10. b3 Be7 11. Nc4 Nd7 12. Qd2 b5 13. Nb2 0-0 14. 0-0 f5 15. exf5 Bxf5 16. Qe2 Nf6 17. Rae1 Rae8 18. Nd2 Nd5 19. Ne4 Nf4 20. Bxf4 exf4 21. Qf3 Qe5 22. Nd1 Bd8 23. Re2 Bg6 24. Nec3 Qg5 25. Rxe8 Bxe8 26. Re1 b4 27. Ne4 Qe5 28. Qe2 f3 29. Qe3 Bc7 30. Ng3 Qd5 31. Qe6+ Bf7 32. Qxd5 cxd5 33. gxf3 g6 34. Re7 Rc8 35. Ne3 Kf8 36. Rxf7+ Kxf7 37. Nxd5 Ke6 38. Nxc7+ Rxc7 39. Ne4 Ke5 40. Kg2 Kf4 41. Nd2 Re7 42. Nc4 Re2 43. Ne3 Rxe3 44. fxe3+ Kxe3 45. Kg3 Kd2 46. Kf4 Kxc2 47. Ke5 Kxd3 48. f4 c4 0-1

[Event "POL-chT Ekstraliga"]
[Site "Chotowa"]
[Date "2025.06.10"]
[Round "9.2"]
[White "Bartel, Mateusz"]
[Black "Lagarde, Maxime"]
[Result "0-1"]
[WhiteElo "2579"]
[BlackElo "2621"]
[PlyCount "118"]
[EventDate "2025.06.02"]
[EventType "team-tourn"]
[EventRounds "9"]
[EventCountry "POL"]
[SourceTitle "CB24_2025"]
[SourceDate "2025.06.11"]
[SourceVersion "1"]
[SourceVersionDate "2025.06.11"]
[SourceQuality "1"]
[WhiteTeam "Wroclaw Polonia"]
[BlackTeam "Pegow Wieza"]
[WhiteTeamCountry "POL"]
[BlackTeamCountry "POL"]

1. e4 c5 2. Nf3 e6 3. d4 cxd4 4. Nxd4 Nf6 5. Nd2 d6 6. Bd3 a6 7. 0-0 Nbd7 8. c4 g6 9. b4 Bg7 10. Bb2 0-0 11. N2b3 Qc7 12. Rc1 b6 13. Rc2 Bb7 14. f3 Rac8 15. Qa1 h5 16. Rd1 h4 17. Bf1 e5 18. Ne2 d5 19. exd5 Nxd5 20. Rcd2 N5f6 21. c5 Rfe8 22. Rc2 bxc5 23. bxc5 h3 24. Qc1 Bd5 25. Qe3 hxg2 26. Bxg2 Nb8 27. Ng3 Nc6 28. Ne4 Bxe4 29. fxe4 Nd4 30. Nxd4 exd4 31. Bxd4 Ng4 32. Qg3 Qxg3 33. hxg3 Red8 34. Rcd2 Bxd4+ 35. Rxd4 Rxd4 36. Rxd4 Rxc5 37. Bf3 Ne5 38. Bd1 Kf8 39. Kf2 Ke7 40. Bb3 a5 41. Rd5 Rxd5 42. Bxd5 Kd6 43. Ke3 Kc5 44. Kf4 f6 45. g4 Nd3+ 46. Ke3 Ne5 47. Kf4 Kd4 48. g5 Nd3+ 49. Kg3 f5 50. Kf3 a4 51. a3 Ne5+ 52. Kf4 Nd3+ 53. Kf3 Nc5 54. exf5 Kxd5 55. fxg6 Ne6 56. Ke3 Ng7 57. Kd3 Nh5 58. Ke3 Kc4 59. Ke4 Kb3 0-1

[Event "POL-chT Ekstraliga"]
[Site "Chotowa"]
[Date "2025.06.06"]
[Round "5.2"]
[White "Noe, Christopher"]
[Black "Bartel, Mateusz"]
[Result "1/2-1/2"]
[WhiteElo "2502"]
[BlackElo "2579"]
[PlyCount "136"]
[EventDate "2025.06.02"]
[EventType "team-tourn"]
[EventRounds "9"]
[EventCountry "POL"]
[SourceTitle "CB24_2025"]
[SourceDate "2025.06.11"]
[SourceVersion "1"]
[SourceVersionDate "2025.06.11"]
[SourceQuality "1"]
[WhiteTeam "Chylice Laura"]
[BlackTeam "Wroclaw Polonia"]
[WhiteTeamCountry "POL"]
[BlackTeamCountry "POL"]

1. Nf3 e6 2. g3 b5 3. Bg2 Bb7 4. 0-0 Nf6 5. b3 b4 6. c4 bxc3 7. Nxc3 Be7 8. d4 0-0 9. Bb2 a5 10. Ne5 Bxg2 11. Kxg2 Qc8 12. e3 Qb7+ 13. Qf3 Nd5 14. Rab1 f5 15. Rfc1 c6 16. Nxd5 cxd5 17. Qe2 Nc6 18. Nxc6 dxc6 19. Bc3 Rfc8 20. Kg1 Ba3 21. Bb2 Bd6 22. Bc3 Qa6 23. Kf1 Rcb8 24. Qxa6 Rxa6 25. Ke2 Kf7 26. Kd3 Ke7 27. h3 h5 28. h4 Kd7 29. Rd1 g6 30. Rdc1 Ba3 31. Bb2 Be7 32. Bc3 Bd6 33. Rd1 Rb7 34. Rdc1 Ba3 35. Bb2 Be7 36. Bc3 Bd6 37. Rd1 Rb5 38. Rdc1 Ra8 39. Rd1 Rab8 40. Kc2 Ba3 41. Bb2 Be7 42. Bc3 Ra8 43. Kd3 Ba3 44. Bb2 Bd6 45. Bc3 Kc7 46. Rdc1 Kb7 47. Rd1 Ka6 48. Rdc1 Rab8 49. Ra1 Ba3 50. Rc2 R8b6 51. Rd1 Kb7 52. Bb2 Bd6 53. Bc3 Ra6 54. Rb2 Ba3 55. Rbb1 a4 56. Kc2 Kc7 57. Kd3 axb3 58. Rxb3 Bd6 59. Rxb5 cxb5 60. Ra1 Kb7 61. Kc2 Rc6 62. Kb3 e5 63. a4 bxa4+ 64. Rxa4 e4 65. Bb4 Bc7 66. Ba5 Bd6 67. Bb4 Bc7 68. Ba5 Bd6 1/2-1/2

[Event "Katowice rapid op"]
[Site "Katowice"]
[Date "2025.05.31"]
[Round "2"]
[White "Bartel, Mateusz"]
[Black "Ladanyi, Tibor"]
[Result "1-0"]
[WhiteElo "2521"]
[BlackElo "2034"]
[PlyCount "70"]
[EventDate "2025.05.31"]
[EventType "swiss"]
[EventRounds "11"]
[EventCountry "POL"]
[SourceTitle "CB24_2025"]
[SourceDate "2025.06.11"]
[SourceVersion "1"]
[SourceVersionDate "2025.06.11"]
[SourceQuality "1"]

1. Nf3 c5 2. b3 Nc6 3. Bb2 d6 4. d4 cxd4 5. Nxd4 Nf6 6. g3 g6 7. Nxc6 bxc6 8. Bg2 Bb7 9. Bxf6 exf6 10. c4 Qa5+ 11. Qd2 Qxd2+ 12. Kxd2 f5 13. Nc3 Bg7 14. Rac1 0-0-0 15. e3 Bxc3+ 16. Rxc3 c5 17. Bxb7+ Kxb7 18. Rd3 h5 19. h4 Kc6 20. Kc3 Rhe8 21. Rhd1 a5 22. Rd5 Re6 23. R5d3 Rde8 24. Kd2 Re4 25. Kc2 R4e6 26. Kc3 Kc7 27. a3 Rb8 28. Rb1 Kc6 29. b4 axb4+ 30. axb4 cxb4+ 31. Rxb4 Rxb4 32. Kxb4 Re4 33. Rd5 Re8 34. Ra5 Rb8+ 35. Kc3 Rb7 1-0

[Event "Katowice rapid op"]
[Site "Katowice"]
[Date "2025.05.31"]
[Round "10"]
[White "Bogdanov, Egor"]
[Black "Bartel, Mateusz"]
[Result "1/2-1/2"]
[WhiteElo "2382"]
[BlackElo "2521"]
[PlyCount "146"]
[EventDate "2025.05.31"]
[EventType "swiss"]
[EventRounds "11"]
[EventCountry "POL"]
[SourceTitle "CB24_2025"]
[SourceDate "2025.06.11"]
[SourceVersion "1"]
[SourceVersionDate "2025.06.11"]
[SourceQuality "1"]

1. e4 e5 2. d4 exd4 3. Nf3 Nc6 4. c3 d5 5. Bd3 dxe4 6. Bxe4 Nf6 7. Bxc6+ bxc6 8. 0-0 Bd6 9. Re1+ Be6 10. Nxd4 0-0 11. Bg5 Bd7 12. Qf3 c5 13. Nf5 Bxf5 14. Qxf5 Qd7 15. Qxd7 Nxd7 16. Na3 f6 17. Bh4 Rab8 18. b3 Ne5 19. Rad1 c4 20. Nxc4 Nxc4 21. bxc4 Rb2 22. Bg3 Rxa2 23. Bxd6 cxd6 24. Rxd6 Rc2 25. h3 Rxc3 26. Re7 Kh8 27. Rc6 a5 28. Ra7 Ra3 29. Rca6 Ra1+ 30. Kh2 Ra2 31. Kg3 Ra3+ 32. f3 Rc3 33. Rc7 Ra3 34. Kf4 h6 35. Kf5 Ra2 36. g4 Kh7 37. Raa7 Rg8 38. Rc5 a4 39. Rca5 Rf2 40. Kf4 Rc2 41. Rc7 Rd8 42. Raa7 Rg8 43. Rxa4 Kg6 44. h4 h5 45. Raa7 hxg4 46. fxg4 Kh6 47. h5 Rc1 48. c5 Rc4+ 49. Kf3 Rc3+ 50. Kf4 Rc4+ 51. Kg3 Rc3+ 52. Kf2 Rc4 53. Kf3 Rc3+ 54. Ke4 Rc4+ 55. Kd5 Rxg4 56. Rd7 Kxh5 57. c6 Rg1 58. Ke6 Rc8 59. c7 Re1+ 60. Kf7 Ree8 61. Kxg7 Kg5 62. Kf7 f5 63. Ra1 f4 64. Rc1 Kg4 65. Rd4 Rf8+ 66. Ke7 Kg3 67. Kd7 f3 68. Rd3 Kg2 69. Rd2+ f2 70. Rcc2 Ra8 71. Ra2 Rxa2 72. Rxa2 Kg1 73. Rxf2 Kxf2 1/2-1/2

[Event "Karlsruhe Grenke op"]
[Site "Karlsruhe"]
[Date "2025.04.21"]
[Round "8"]
[White "Costa, Leonardo"]
[Black "Bartel, Mateusz"]
[Result "1/2-1/2"]
[WhiteElo "2510"]
[BlackElo "2595"]
[PlyCount "86"]
[EventDate "2025.04.17"]
[EventType "swiss"]
[EventRounds "9"]
[EventCountry "GER"]
[SourceTitle "CB17_2025"]
[SourceDate "2025.04.23"]
[SourceVersion "1"]
[SourceVersionDate "2025.04.23"]
[SourceQuality "1"]

1. e4 e5 2. Nf3 Nc6 3. Bc4 Nf6 4. d3 h6 5. 0-0 d6 6. a4 g6 7. Nc3 Bg7 8. h3 0-0 9. Be3 Kh7 10. a5 a6 11. Re1 Be6 12. Bxe6 fxe6 13. Ne2 Nh5 14. c3 d5 15. Qb3 Rb8 16. Red1 d4 17. Bc1 Rxf3 18. gxf3 Qf6 19. Kg2 Rf8 20. Ng1 Nd8 21. Ra4 Nf7 22. Qc2 Ng5 23. Qe2 c6 24. Rb4 Qe7 25. Rb6 Nf4+ 26. Bxf4 Rxf4 27. Qd2 Rf8 28. cxd4 exd4 29. f4 Nf7 30. Qb4 Qxb4 31. Rxb4 Nd6 32. Ne2 Nb5 33. Rc1 g5 34. fxg5 hxg5 35. Rxb5 axb5 36. a6 bxa6 37. Rxc6 a5 38. Rxe6 Rc8 39. e5 Rc5 40. Nxd4 Bxe5 41. Nb3 Rd5 42. Nxa5 Bxb2 43. Rb6 Bc3 1/2-1/2

[Event "Karlsruhe Grenke op"]
[Site "Karlsruhe"]
[Date "2025.04.19"]
[Round "5"]
[White "Bartel, Mateusz"]
[Black "Stork, Oliver"]
[Result "1-0"]
[WhiteElo "2595"]
[BlackElo "2392"]
[PlyCount "71"]
[EventDate "2025.04.17"]
[EventType "swiss"]
[EventRounds "9"]
[EventCountry "GER"]
[SourceTitle "CB17_2025"]
[SourceDate "2025.04.23"]
[SourceVersion "1"]
[SourceVersionDate "2025.04.23"]
[SourceQuality "1"]

1. e4 c5 2. Nf3 e6 3. b3 b6 4. d4 cxd4 5. Nxd4 Bb7 6. Nd2 Nc6 7. Nxc6 Bxc6 8. Bb2 Nf6 9. Bd3 Bb4 10. 0-0 0-0 11. e5 Nd5 12. Qh5 h6 13. Ne4 Nf4 14. Qg4 Nxd3 15. cxd3 Bxe4 16. Qxe4 Be7 17. Rac1 d5 18. exd6 Qxd6 19. Qg4 e5 20. d4 Bf6 21. Qg3 Rfe8 22. Rce1 Bg5 23. dxe5 Qd2 24. Bc1 Qxa2 25. f4 Be7 26. f5 Kh7 27. f6 gxf6 28. Qh3 Qc2 29. Qxh6+ Kg8 30. Rf3 Qh7 31. Qf4 fxe5 32. Rxe5 Bc5+ 33. Rxc5 bxc5 34. Rg3+ Kf8 35. Qd6+ Re7 36. Bh6+ 1-0

[Event "EU-ch 25th"]
[Site "Eforie Nord"]
[Date "2025.03.25"]
[Round "10"]
[White "Gokerkan, Cem Kaan"]
[Black "Bartel, Mateusz"]
[Result "1-0"]
[WhiteElo "2473"]
[BlackElo "2621"]
[PlyCount "81"]
[EventDate "2025.03.15"]
[EventType "swiss"]
[EventRounds "11"]
[EventCountry "ROU"]
[SourceTitle "CB13_2025"]
[SourceDate "2025.03.26"]
[SourceVersion "1"]
[SourceVersionDate "2025.03.26"]
[SourceQuality "1"]

1. e4 e5 2. Nf3 Nc6 3. Bc4 Nf6 4. d3 h6 5. 0-0 Be7 6. a4 0-0 7. Re1 d6 8. h3 Kh8 9. Nc3 Nb4 10. d4 exd4 11. Nxd4 c5 12. Nf3 Be6 13. Bxe6 fxe6 14. e5 dxe5 15. Bd2 Qe8 16. Nxe5 Rd8 17. Nb5 Bd6 18. Nxd6 Rxd6 19. Qc1 Nc6 20. Bf4 Rd4 21. Nxc6 Qxc6 22. c4 Kg8 23. Be5 Rh4 24. Ra3 Nd7 25. Bg3 Rd4 26. Qc2 Qa6 27. Rc3 e5 28. b3 Qd6 29. Rce3 b6 30. Qe2 Rd2 31. Qg4 Qd4 32. Qe6+ Kh8 33. Re4 Qb2 34. Rg4 Rd4 35. Qe7 Rxg4 36. hxg4 Qd4 37. g5 hxg5 38. Rxe5 Rf6 39. Re1 a5 40. Qe2 Qc3 41. Rd1 1-0

[Event "EU-ch 25th"]
[Site "Eforie Nord"]
[Date "2025.03.20"]
[Round "6"]
[White "Pajeken, Jakob Leon"]
[Black "Bartel, Mateusz"]
[Result "1/2-1/2"]
[WhiteElo "2427"]
[BlackElo "2621"]
[PlyCount "60"]
[EventDate "2025.03.15"]
[EventType "swiss"]
[EventRounds "11"]
[EventCountry "ROU"]
[SourceTitle "CB13_2025"]
[SourceDate "2025.03.26"]
[SourceVersion "1"]
[SourceVersionDate "2025.03.26"]
[SourceQuality "1"]

1. d4 Nf6 2. Nf3 g6 3. g3 Bg7 4. Bg2 0-0 5. 0-0 d6 6. Nc3 c6 7. e4 Qa5 8. Re1 Bg4 9. e5 dxe5 10. Rxe5 Nd5 11. Nxd5 cxd5 12. Rxe7 Nc6 13. Rxb7 Nxd4 14. c3 Qa6 15. Re7 Nc6 16. Re1 d4 17. h3 dxc3 18. hxg4 cxb2 19. Bxb2 Bxb2 20. Rb1 Bg7 21. Qe2 Qxe2 22. Rxe2 Rab8 23. Rc1 Rb6 24. Rd2 Nd8 25. Rd7 Ra6 26. Rcc7 Rxa2 27. Rxa7 Rxa7 28. Rxa7 Ne6 29. Nd2 Rd8 30. Ra8 Rxa8 1/2-1/2

[Event "Chessable Masters Play In"]
[Site "Chess.com INT"]
[Date "2025.02.17"]
[Round "6"]
[White "Bartel, Mateusz"]
[Black "Sarana, Alexey"]
[Result "0-1"]
[WhiteElo "2629"]
[BlackElo "2672"]
[PlyCount "224"]
[EventDate "2025.02.17"]
[EventType "swiss (blitz)"]
[EventRounds "9"]
[EventCountry "USA"]
[SourceTitle "CB08_2025"]
[SourceDate "2025.02.19"]
[SourceVersion "1"]
[SourceVersionDate "2025.02.19"]
[SourceQuality "1"]

1. e4 c5 2. Nf3 d6 3. c3 Nf6 4. Bd3 Bd7 5. Bc2 Bc6 6. d3 Nbd7 7. Nbd2 e5 8. 0-0 Be7 9. d4 cxd4 10. cxd4 Rc8 11. Re1 0-0 12. d5 Bb5 13. a4 Ba6 14. b4 b6 15. Bb2 g6 16. b5 Bb7 17. Bd3 Nc5 18. Bf1 Nfd7 19. Nc4 a6 20. Bc1 axb5 21. axb5 Ra8 22. Bh6 Re8 23. Nfd2 Qc7 24. Qc2 Nf6 25. f3 Rec8 26. Be3 Kg7 27. Qb2 Nfd7 28. g3 Qd8 29. f4 Kg8 30. fxe5 dxe5 31. Rxa8 Rxa8 32. Ra1 f6 33. Bh3 Kg7 34. Rxa8 Qxa8 35. Bxd7 Nxd7 36. Nxb6 Nxb6 37. Bxb6 Qa4 38. Be3 Bb4 39. b6 Qd1+ 40. Nf1 Ba6 41. Qc1 Qxc1 42. Bxc1 f5 43. Bd2 Bd6 44. exf5 gxf5 45. Be3 Bb7 46. Nd2 Bxd5 47. Kf2 Kf6 48. Nf3 Bb7 49. Nd2 Bd5 50. Nf3 Bb4 51. Ng5 h5 52. Nh7+ Ke6 53. h3 Be7 54. Ng5+ Kd7 55. Nf3 Bd6 56. Nh4 Ke6 57. Nf3 Ke7 58. Nh4 Kf6 59. Nf3 Ke6 60. Ng5+ Kd7 61. Nf3 Kc6 62. Nh4 Be4 63. Nf3 Kd5 64. Ng5 Bd3 65. Nf7 Bb8 66. Ng5 Kd6 67. h4 Ke7 68. Nf3 Be4 69. Ng5 Bd5 70. Bc5+ Kd7 71. Be3 Ke7 72. Bc5+ Kf6 73. Be3 Bc4 74. Bc5 Bb3 75. Kf3 Bd5+ 76. Kf2 Bc6 77. Ke3 Bb7 78. Kf2 Bd5 79. Ke3 f4+ 80. gxf4 exf4+ 81. Kf2 Kf5 82. Be7 Kg4 83. Nh7 Bc6 84. Bd8 Be5 85. Nf6+ Kf5 86. Nxh5 Bd4+ 87. Kf1 f3 88. Ng3+ Kg4 89. Bc7 Bb5+ 90. Ke1 f2+ 91. Kd2 Ba6 92. h5 Kf3 93. h6 Be3+ 94. Kc3 Bxh6 95. Be5 Be3 96. Bc7 Bc5 97. Kb3 Be7 98. Ka4 Bh4 99. Ka5 Bb7 100. Nf1 Ke2 101. Nh2 Bf6 102. Kb5 Kd3 103. Kc5 Be7+ 104. Kb5 Bf8 105. Ka5 Bg7 106. Kb5 Bd4 107. Nf1 Ke2 108. Nh2 Ke3 109. Ka5 Ke4 110. Kb5 Be3 111. Nf1 Bf4 112. Ng3+ Bxg3 0-1

[Event "Titled Tuesday intern op 11th Feb Early"]
[Site "Chess.com INT"]
[Date "2025.02.11"]
[Round "2"]
[White "Bartel, Mateusz"]
[Black "Escartin Lacasa, Jose"]
[Result "1-0"]
[WhiteElo "2629"]
[BlackElo "2298"]
[PlyCount "87"]
[EventDate "2025.02.11"]
[EventType "swiss (blitz)"]
[EventRounds "11"]
[EventCountry "USA"]
[SourceTitle "CB08_2025"]
[SourceDate "2025.02.19"]
[SourceVersion "1"]
[SourceVersionDate "2025.02.19"]
[SourceQuality "1"]

1. d4 d5 2. Nf3 Nf6 3. c3 c6 4. Qc2 g6 5. h3 Bg7 6. Bf4 0-0 7. e3 c5 8. dxc5 Ne4 9. Nbd2 Nxc5 10. Nb3 Bf5 11. Qd1 Nxb3 12. axb3 Nc6 13. Be2 e5 14. Bg3 d4 15. Bb5 dxe3 16. fxe3 Qb6 17. Qe2 e4 18. Nd4 Nxd4 19. exd4 a6 20. Bc4 Be6 21. 0-0 Bxc4 22. bxc4 f5 23. Bf4 Rac8 24. c5 Qe6 25. b4 Rfd8 26. b5 axb5 27. Qxb5 Qc6 28. Qb3+ Kh8 29. Rfb1 Rd7 30. Ra4 h6 31. Rb4 g5 32. Rb6 Qd5 33. Qxd5 Rxd5 34. Bd6 f4 35. Rxb7 e3 36. Kf1 Ra8 37. Rb8+ Rxb8 38. Rxb8+ Kh7 39. Ke2 Kg6 40. c6 Ra5 41. Rb2 Ra6 42. c7 Rc6 43. Kd3 e2 44. Rxe2 1-0

[Event "Titled Tuesday intern op 11th Feb Early"]
[Site "Chess.com INT"]
[Date "2025.02.11"]
[Round "10"]
[White "Bartel, Mateusz"]
[Black "Kilic, Eray"]
[Result "1-0"]
[WhiteElo "2629"]
[BlackElo "2459"]
[PlyCount "65"]
[EventDate "2025.02.11"]
[EventType "swiss (blitz)"]
[EventRounds "11"]
[EventCountry "USA"]
[SourceTitle "CB09_2025"]
[SourceDate "2025.02.27"]
[SourceVersion "1"]
[SourceVersionDate "2025.02.27"]
[SourceQuality "1"]

1. e4 c5 2. Nf3 d6 3. c3 Nf6 4. Bd3 Nc6 5. Bc2 e5 6. h3 Be7 7. d4 0-0 8. d5 Nb8 9. c4 Ne8 10. g4 b5 11. cxb5 a6 12. bxa6 Bxa6 13. Nc3 Nc7 14. Bd3 Qd7 15. 0-0 Bxd3 16. Qxd3 Nba6 17. Qe2 Rfb8 18. b3 Nb4 19. Be3 h5 20. Nh2 Ra3 21. gxh5 Qxh3 22. Kh1 f5 23. exf5 Qxf5 24. Rg1 Kh7 25. Rg6 Nbxd5 26. Nxd5 Nxd5 27. Rag1 Bf6 28. Bg5 Nc3 29. Bxf6 Nxe2 30. Rxg7+ Kh6 31. R1g6+ Kxh5 32. Rg5+ Qxg5 33. Rxg5+ 1-0

[Event "Titled Tuesday intern op 11th Feb Early"]
[Site "Chess.com INT"]
[Date "2025.02.11"]
[Round "5"]
[White "Bartel, Mateusz"]
[Black "Yoo, Christopher Woojin"]
[Result "1-0"]
[WhiteElo "2629"]
[BlackElo "2588"]
[PlyCount "83"]
[EventDate "2025.02.11"]
[EventType "swiss (blitz)"]
[EventRounds "11"]
[EventCountry "USA"]
[SourceTitle "CB08_2025"]
[SourceDate "2025.02.19"]
[SourceVersion "1"]
[SourceVersionDate "2025.02.19"]
[SourceQuality "1"]

1. e4 c6 2. Nf3 d5 3. Nc3 Bg4 4. h3 Bh5 5. d4 e6 6. exd5 Bxf3 7. Qxf3 cxd5 8. Qg3 Nc6 9. Bb5 a6 10. Bxc6+ bxc6 11. 0-0 Ne7 12. Ne2 Nf5 13. Qd3 Bd6 14. Bf4 0-0 15. Bxd6 Qxd6 16. c4 Qb4 17. b3 a5 18. a3 Qe7 19. Rfc1 Rfb8 20. Rc3 Nd6 21. a4 Ne4 22. Rc2 Qb4 23. f3 Nd6 24. Rc3 Nf5 25. cxd5 cxd5 26. Rac1 h6 27. g4 Nd6 28. Kf2 Ne8 29. h4 Qe7 30. Kg3 Qd6+ 31. Kh3 Ra7 32. Rc6 Qe7 33. R1c3 Rab7 34. Ng3 Qd7 35. R6c5 Ra7 36. Nh5 Nd6 37. Qe3 f6 38. Rc6 Re8 39. Qc1 Rb7 40. Rc7 Rxc7 41. Rxc7 Qd8 42. Rxg7+ 1-0

[Event "Titled Tuesday intern op 04th Feb Early"]
[Site "Chess.com INT"]
[Date "2025.02.04"]
[Round "2"]
[White "Bartel, Mateusz"]
[Black "Cina, Vittorio"]
[Result "0-1"]
[WhiteElo "2629"]
[BlackElo "2361"]
[PlyCount "88"]
[EventDate "2025.02.04"]
[EventType "swiss (blitz)"]
[EventRounds "11"]
[EventCountry "USA"]
[SourceTitle "CB07_2025"]
[SourceDate "2025.02.12"]
[SourceVersion "1"]
[SourceVersionDate "2025.02.12"]
[SourceQuality "1"]

1. Nf3 Nf6 2. c4 c5 3. g3 d5 4. Bg2 Nc6 5. cxd5 Nxd5 6. Nc3 Nc7 7. d3 e5 8. Be3 Be7 9. h4 0-0 10. h5 Be6 11. Ne4 Nd5 12. Bd2 h6 13. Rc1 b6 14. Nc3 Rc8 15. a3 Qd7 16. Qa4 Rfd8 17. g4 Nf4 18. Bxf4 exf4 19. Qxf4 Bxg4 20. Ne4 f5 21. Nc3 Nd4 22. Ne5 Qe6 23. Nxg4 Bg5 24. Qxg5 hxg5 25. Ne3 Kh8 26. Kf1 f4 27. Bh3 Qe5 28. Nc4 Qf6 29. Ne4 Qe7 30. Bxc8 Rxc8 31. Rg1 f3 32. exf3 Nxf3 33. Rg3 Rf8 34. Ke2 Nd4+ 35. Kf1 Qf7 36. Kg2 Qf4 37. Re1 Nf3 38. Re3 Nh4+ 39. Kg1 Nf5 40. Ref3 Qc1+ 41. Kg2 Nh4+ 42. Kh3 Nxf3 43. Ncd6 Qh1+ 44. Kg4 Qh4# 0-1

[Event "Titled Tuesday intern op 04th Feb Early"]
[Site "Chess.com INT"]
[Date "2025.02.04"]
[Round "8"]
[White "Bartel, Mateusz"]
[Black "Skatchkov, Pavel"]
[Result "1-0"]
[WhiteElo "2629"]
[BlackElo "2457"]
[PlyCount "109"]
[EventDate "2025.02.04"]
[EventType "swiss (blitz)"]
[EventRounds "11"]
[EventCountry "USA"]
[SourceTitle "CB07_2025"]
[SourceDate "2025.02.12"]
[SourceVersion "1"]
[SourceVersionDate "2025.02.12"]
[SourceQuality "1"]

1. e4 e5 2. Nc3 Nf6 3. g3 d5 4. exd5 Nxd5 5. Bg2 Nxc3 6. bxc3 Nc6 7. d3 Bc5 8. Nf3 0-0 9. 0-0 Qf6 10. Be3 Bxe3 11. fxe3 Bg4 12. Qd2 Qe6 13. Rab1 b6 14. Ng5 Qd7 15. c4 Rad8 16. Bd5 Bh5 17. Qg2 Ne7 18. Bf3 Bg6 19. Ne4 Qe6 20. Nc3 c6 21. a4 f5 22. Be2 Qd6 23. Qf2 Qa3 24. Rb3 Qc5 25. Ra1 Kh8 26. Bf1 Rf7 27. a5 Rf6 28. axb6 axb6 29. Rba3 b5 30. Ra8 Rff8 31. R8a5 Qb4 32. Qe1 bxc4 33. Rxe5 cxd3 34. cxd3 f4 35. Ra4 Qd6 36. exf4 Nf5 37. Ne4 Qc7 38. Ng5 Rfe8 39. Rae4 Rxe5 40. Rxe5 Rb8 41. Qf2 h6 42. Nf3 Qd6 43. Re1 Rd8 44. Ne5 Kh7 45. Bg2 Be8 46. Be4 Qf6 47. g4 g6 48. gxf5 gxf5 49. Bf3 c5 50. Kh1 Bb5 51. Qxc5 Bxd3 52. Nxd3 Rxd3 53. Qe7+ Qxe7 54. Rxe7+ Kg6 55. Kg2 1-0

[Event "Titled Tuesday intern op 04th Feb Late"]
[Site "Chess.com INT"]
[Date "2025.02.04"]
[Round "6"]
[White "Bartel, Mateusz"]
[Black "Sumets, Andrey"]
[Result "1-0"]
[WhiteElo "2629"]
[BlackElo "2514"]
[PlyCount "71"]
[EventDate "2025.02.04"]
[EventType "swiss (blitz)"]
[EventRounds "11"]
[EventCountry "USA"]
[SourceTitle "CB07_2025"]
[SourceDate "2025.02.12"]
[SourceVersion "1"]
[SourceVersionDate "2025.02.12"]
[SourceQuality "1"]

1. e4 e6 2. Qe2 c5 3. Nf3 Nc6 4. g3 g6 5. Bg2 Bg7 6. c3 Nge7 7. h4 h6 8. d4 cxd4 9. cxd4 Nxd4 10. Nxd4 Bxd4 11. 0-0 Bg7 12. Nc3 0-0 13. Rd1 d5 14. exd5 exd5 15. Nxd5 Nxd5 16. Rxd5 Qf6 17. Rb5 a6 18. Rb4 Be6 19. Rxb7 Rab8 20. Qxa6 Rxb7 21. Qxb7 Rc8 22. a4 Rc2 23. Qf3 Qxf3 24. Bxf3 Bd4 25. Be3 Bxb2 26. Rd1 Bg7 27. a5 Ra2 28. Rd8+ Kh7 29. Ra8 Bc4 30. Bb7 Bc3 31. a6 Ra1+ 32. Kh2 Be1 33. a7 Ra2 34. Rb8 Bxf2 35. Bxf2 Rxf2+ 36. Kg1 1-0